| 000 | 00832nam a2200205 i 4500 | ||
|---|---|---|---|
| 001 | 106604 | ||
| 003 | ES-MaACL | ||
| 005 | 20230906184220.0 | ||
| 007 | t| | ||
| 008 | 061205s1991 fr ||||1| fre d | ||
| 020 | _a2-11-002486-0 | ||
| 080 | _a7.072 Winckelmann, Johann Joachim | ||
| 245 | 0 | 0 |
_aWinckelmann: la naissance de l'histoire de l'art á l'époque des Lumières _b: Actes du cycle de conférences prononcées á l'Auditorium du Louvre du 11 décembre 1989 au 12 février 1990 / _csous la direction scientifique d'Edouard Pommier. |
| 260 |
_aParis : _bLa Documentation Française, _c[1991] |
||
| 300 |
_a239 p. : _bil. ; _c24 cm. |
||
| 500 | _aBiblioteca Jacinto Martínez Lacalle. | ||
| 600 | 1 | 4 |
_aWinckelmann, Johann Joachim. _9117058 |
| 700 | 1 |
_aPommier, Edouard. _992928 |
|
| 852 |
_aES-MaACL _jE-11421 _bR.139140 |
||
| 999 |
_c106604 _d106604 |
||